| 000 | 00621nam a22001577a 4500 | ||
|---|---|---|---|
| 003 | LRUA | ||
| 005 | 20191211152517.0 | ||
| 008 | 191211b xxu||||| |||| 00| 0 eng d | ||
| 040 | _cRUA | ||
| 082 | _aLMA VON 2017 B652 Or.1 | ||
| 100 |
_914046 _aVONG SOPHA វង្ស សុផា |
||
| 245 | _astudy on the subsequent land registration meanchey district, phnom penh សិក្សារពីការចុះបញ្ចីដីបន្ត នៅខណ្ឌមានជ័យរាជធានីភ្នំពេញ | ||
| 260 |
_aRUA _bPhnom penh _c2017 |
||
| 300 |
_axii;51p _bill; _c29cm |
||
| 942 |
_2ddc _cLMA |
||
| 999 |
_c18502 _d18502 |
||